Professional social work : (Record no. 10158)

MARC details
000 -LEADER
fixed length control field 00610cam a2200217ua 4500
001 - CONTROL NUMBER
control field 11318
005 - DATE AND TIME OF LATEST TRANSACTION
control field 20260515114734.0
008 - FIXED-LENGTH DATA ELEMENTS--GENERAL INFORMATION
fixed length control field 190912n ii |||gr||||Z||||||eng
020 ## - INTERNATIONAL STANDARD BOOK NUMBER
International Standard Book Number 9788172736323
040 ## - CATALOGING SOURCE
Transcribing agency MAIN
041 ## - LANGUAGE CODE
Language code of text/sound track or separate title eng
082 ## - DEWEY DECIMAL CLASSIFICATION NUMBER
Classification number 361.3
100 ## - MAIN ENTRY--PERSONAL NAME
Personal name Ilango Ponnuswami,
Relator term Editor.
245 ## - TITLE STATEMENT
Title Professional social work :
Remainder of title research perspectives /
Statement of responsibility, etc. Edited by Ilango Ponnuswami .
250 ## - EDITION STATEMENT
Edition statement 1st ed.
260 ## - PUBLICATION, DISTRIBUTION, ETC.
Place of publication, distribution, etc. New Delhi:
Name of publisher, distributor, etc. Authorspress,
Date of publication, distribution, etc. 2012.
300 ## - PHYSICAL DESCRIPTION
Extent 284p.
653 ## - INDEX TERM--UNCONTROLLED
Uncontrolled term Social problems & social welfare in general
700 ## - ADDED ENTRY--PERSONAL NAME
Personal name Abraham P Francis,
Relator term Editor.
942 ## - ADDED ENTRY ELEMENTS (KOHA)
Koha item type Books
Holdings
Withdrawn status Lost status Damaged status Not for loan Home library Current library Shelving location Date acquired Total checkouts Full call number Barcode Date last seen Copy number Price effective from Koha item type
        Naharkatiya College Library Naharkatiya College Library General stacks 09/19/2020   361.3Social work | PRO 27323 09/19/2020 1 09/19/2020 Books